|
|
|
|
| LEADER |
00000nam a2200000 a 4500 |
| 001 |
vtls008696425 |
| 003 |
SK-MaSNL |
| 005 |
20260426002124.0 |
| 008 |
240315s2004 xo da g f 000 0 slo |
| 015 |
|
|
|a SNBA2006/06-03140
|
| 020 |
|
|
|a 8088935725
|q (brož.)
|
| 035 |
|
|
|a 35C19AD3-36B1-4827-9141-C402076682BE
|
| 035 |
|
|
|a urn:nbn:sk:snk-amluze
|
| 035 |
|
|
|a urn:nbn:sk:snk-am00cct3
|
| 040 |
|
|
|a SNK
|b slo
|c SNK
|e AACR2
|
| 041 |
0 |
|
|a slo
|
| 043 |
|
|
|a e-xo---
|
| 044 |
|
|
|a xo
|c SK
|
| 072 |
|
7 |
|a 342
|x Ústavné právo. Správne právo
|2 konspekt
|
| 080 |
|
|
|a (094.5)
|2 2001
|
| 080 |
|
|
|a (035)
|2 2001
|
| 080 |
|
|
|a (437.6)
|2 2001
|
| 080 |
|
|
|a [024.5+659.2]-021.161
|2 2001
|
| 080 |
|
|
|a 342.727
|2 2001
|
| 100 |
1 |
|
|a Kmeť, Marián
|4 aut
|9 591698
|
| 245 |
1 |
0 |
|a Infozákon v praxi: právna analýza a názory verejnosti
|c Marián Kmeť, Dominika Bartosiewicz, Marián Velšic
|
| 250 |
|
|
|a [ 1. vyd.]
|
| 260 |
|
|
|a Bratislava
|b Inštitút pre verejné otázky
|c 2004
|
| 300 |
|
|
|a 82 s.
|b grafy, tab.
|c 30 cm
|
| 490 |
1 |
|
|a Pracovné zošity
|
| 650 |
0 |
7 |
|a právo na informácie
|2 SNKPH
|9 2169
|
| 650 |
0 |
7 |
|a sprístupňovanie informácií
|2 SNKPH
|9 82447
|
| 651 |
|
7 |
|a Slovensko
|2 SNKPH
|9 14231
|
| 655 |
|
7 |
|a právne predpisy
|2 SNKPH
|9 70481
|
| 655 |
|
7 |
|a príručky
|2 SNKPH
|9 74364
|
| 700 |
1 |
|
|a Bartosiewicz, Dominik
|4 aut
|9 509622
|
| 700 |
1 |
|
|a Velšic, Marián,
|d 1967-
|4 aut
|9 209998
|
| 830 |
|
0 |
|a Pracovné zošity
|9 306875
|
| 919 |
|
|
|a 80-88935-72-5
|
| 958 |
|
|
|a OND
|
| 999 |
|
|
|c 910334
|d 912264
|
| 952 |
|
|
|a SNK
|b SNK
|y PREZ
|7 0
|p 17A0506686
|o snkSB 72203
|i snk2006/8717
|8 0
|0 0
|1 0
|4 0
|d 2006-04-27
|f 1
|l 0
|r 2025-04-25 00:00:00
|w 2026-02-24
|
| 952 |
|
|
|a SNK
|b SNK
|y VYP
|7 0
|p 17A0506685
|o snkSB 72203 D1
|i snk2006/8718
|8 0
|0 0
|1 0
|4 0
|d 2006-04-27
|l 0
|r 2026-02-24 07:41:31
|w 2026-02-24
|